000 00776nam a2200241Ia 4500
003 OSt
005 20220923212841.0
006 a|||||r|||| 00| 0
007 ta
008 220922b |||||||| |||| 00| 0 hin d
024 _a156,302
037 _cTextual
040 _aARTS
_cARTS
_bhin
041 _2hin
_ahin
082 _aO152:gx, M23-;1
100 _aसक्सेना, राजेश्वर
245 0 _aरचना का इतिहास दर्शन
246 _aRachanā kā itihās darshana
260 _aइलाहाबाद
_b साहित्य वाणी
_c1982
300 _a127 पृ.
_ccm.
942 _hO152:gx, M23-;1
_cTEXL
_2CC
999 _c311620
_d311620